书目信息 |
| 题名: |
建筑设备工程图识读与绘制
|
|
| 作者: | 谭伟建 , 王芳 主编 | |
| 分册: | ||
| 出版信息: | 北京 机械工业出版社 2004.09 |
|
| 页数: | 197页 | |
| 开本: | 26cm | |
| 丛书名: | 21世纪供热通风与空调工程系列规划教材 | |
| 单 册: | ||
| 中图分类: | TU8 | |
| 科图分类: | ||
| 主题词: | 房屋建筑设备--fang wu jian zhu she bei--工程制图--教材 | |
| 电子资源: | ||
| ISBN: | 7-111-14852-5 | |
| 000 | 01093nam 2200265 450 | |
| 001 | 010254213843 | |
| 005 | 20050725104117.81 | |
| 010 | @a7-111-14852-5@dCNY19.00 | |
| 100 | @a20050524d2004 km y0chiy0120 ea | |
| 101 | 0 | @achi |
| 102 | @aCN@b110000 | |
| 105 | @aa a 000yy | |
| 200 | 1 | @a建筑设备工程图识读与绘制@Ajian zhu she bei gong cheng tu shi du yu hui zhi@f谭伟建, 王芳主编@Ftan wei jian,wang fang zhu bian |
| 210 | @a北京@c机械工业出版社@d2004.09 | |
| 215 | @a197页@c图, [2] 叶折图@d26cm | |
| 225 | 2 | @a21世纪供热通风与空调工程系列规划教材@A21 shi ji gong re tong feng yu kong diao gong cheng xi lie gui hua jiao cai |
| 320 | @a有书目。 | |
| 330 | @a本书在介绍正投影及其投影规律及平面体、组合体等基本绘图知识基础上,结合实例重点讲述了建筑施工图、结构施工图、室内电气图等的识读与绘制。 | |
| 410 | 0 | @12001 @a21世纪供热通风与空调工程系列规划教材 |
| 606 | 0 | @a房屋建筑设备@Afang wu jian zhu she bei@x工程制图@x教材 |
| 690 | @aTU8@v4 | |
| 701 | 0 | @a谭伟建@Atan wei jian@4主编 |
| 701 | 0 | @a王芳@Awang fang@4主编 |
| 801 | 0 | @aCN@bQSSK@c20050725 |
| 905 | @a10447@dTU8@eT132 | |
| 建筑设备工程图识读与绘制/谭伟建, 王芳主编.-北京:机械工业出版社,2004.09 |
| 197页:图, [2] 叶折图;26cm.-(21世纪供热通风与空调工程系列规划教材) |
| ISBN 7-111-14852-5:CNY19.00 |
| 本书在介绍正投影及其投影规律及平面体、组合体等基本绘图知识基础上,结合实例重点讲述了建筑施工图、结构施工图、室内电气图等的识读与绘制。 |
| ● |
| 相关链接 |
|
|
|
正题名:建筑设备工程图识读与绘制
索取号:TU8/T132
 
预约/预借
| 序号 | 登录号 | 条形码 | 馆藏地/架位号 | 状态 | 备注 |
| 1 | 526244 | 205262446 | 建筑库201/201建筑库 48排6列5层/ [索取号:TU8/T132] | 在馆 | |
| 2 | 526245 | 205262455 | 建筑库201/201建筑库 48排6列5层/ [索取号:TU8/T132] | 在馆 | |
| 3 | 526246 | 205262464 | 建筑库201/201建筑库 48排6列5层/ [索取号:TU8/T132] | 在馆 |